Poder y oposición en las sociedades postrevolucionarias / (Record no. 121946)

MARC details
000 -LEADER
campo de control de longitud fija 00720nam a2200229 i 4500
001 - NÚMERO DE CONTROL
campo de control 121946
003 - IDENTIFICADOR DE NÚMERO DE CONTROL
campo de control ES-MaACL
005 - FECHA Y HORA DE LA ÚLTIMA TRANSACCIÓN
campo de control 20251009191444.0
007 - CAMPO FIJO DE DESCRIPCIÓN FÍSICA--INFORMACIÓN GENERAL
campo de control de longitud fija t|
008 - DATOS DE LONGITUD FIJA--INFORMACIÓN GENERAL
campo de control de longitud fija 070214s1980 sp r ||||1| spa d
245 00 - MENCIÓN DEL TÍTULO
Título Poder y oposición en las sociedades postrevolucionarias /
Mención de responsabilidad, etc. K. S. Karol... [et al.] ; traducción de Juana Bignozzi.
250 ## - MENCION DE EDICION
Mención de edición 1ª ed.
260 ## - PUBLICACIÓN, DISTRIBUCIÓN, ETC.
Lugar de publicación, distribución, etc. Barcelona :
Nombre del editor, distribuidor, etc. Laia,
Fecha de publicación, distribución, etc. 1980.
300 ## - DESCRIPCIÓN FÍSICA
Extensión 278 p. ;
Dimensiones 20 cm.
490 1# - MENCIÓN DE SERIE
Mención de serie Laia/Paperback ;
Designación de volumen o secuencia 49
650 04 - PUNTO DE ACCESO ADICIONAL DE MATERIA--TÉRMINO DE MATERIA
Término de materia o nombre geográfico como elemento de entrada Socialismo-
Subdivisión cronológica S.XX.
9 (RLIN) 17164
700 1# - ENTRADA AGREGADA--NOMBRE PERSONAL
Nombre de persona Karol, K. S.
9 (RLIN) 67574
700 1# - ENTRADA AGREGADA--NOMBRE PERSONAL
Nombre de persona Bignozzi, Juana,
Fechas asociadas al nombre 1937-2015
9 (RLIN) 28843
830 0# - PUNTO DE ACCESO ADICIONAL DE SERIE-TÍTULO UNIFORME
Título uniforme Laia/Paperback ;
Designación de volumen o secuencia 49
9 (RLIN) 181897
852 ## - LOCALIZACIÓN
Ubicación ES-MaACL
Número de control de estantería A-10916
Sublocalización o colección R.100374
Holdings
Estatus retirado Estado de pérdida Estado de daño No para préstamo Biblioteca de origen Biblioteca actual Ubicación en estantería Fecha de adquisición Fuente de adquisición Total de préstamos Signatura topográfica completa Código de barras Visto por última vez Precio de reemplazo Tipo de ítem Koha
        Biblioteca del Ateneo de Madrid Biblioteca del Ateneo de Madrid Depósito 1 17/01/2008     A-10916 1127082 23/02/2023 23/02/2023 Libro impreso